[Event "GER North-chT U16"]
[Site "Magdeburg"]
[Date "2006.08.26"]
[Round "1.3"]
[White "Burneckas, Yunus"]
[Black "Jira, Richard"]
[Result "1-0"]
[WhiteElo "1211"]
[BlackElo "893"]
[PlyCount "131"]
[EventDate "2006.08.26"]
[EventType "team"]
[EventRounds "7"]
[EventCountry "GER"]
[SourceTitle "EXT 2007"]
[Source "ChessBase"]
[SourceDate "2006.11.23"]
[SourceVersion "1"]
[SourceVersionDate "2006.11.23"]
[SourceQuality "1"]

1. e4 e5 2. Nf3 Nc6 3. Bc4 Bc5 4. d3 d6 5. h3 Be6 6. Bb3 Qd7 7. Nc3 Nf6 8. Bg5 Qe7 9. Nd5 Bxd5 10. Bxd5 0-0 11. Qe2 Rab8 12. g4 Nd4 13. Nxd4 Bxd4 14. c3 Bb6 15. Qf3 c6 16. Bc4 Rbd8 17. 0-0-0 Rd7 18. Bxf6 Qxf6 19. Qxf6 gxf6 20. Rd2 Bc7 21. f3 b5 22. Bb3 Bb6 23. Rg2 Kh8 24. h4 d5 25. exd5 cxd5 26. Kc2 a5 27. a4 b4 28. c4 dxc4 29. Bxc4 Rc8 30. Kb3 Rg8 31. Rf1 Rg7 32. f4 Bc7 33. f5 h6 34. Rh1 Rd4 35. g5 Bd8 36. g6 fxg6 37. fxg6 h5 38. Kc2 Rg4 39. Rxg4 hxg4 40. Bf7 f5 41. h5 Be7 42. h6 Rxf7 43. gxf7 f4 44. Kd2 g3 45. Ke2 g2 46. Rg1 Kh7 47. Rxg2 b3 48. Rg7+ Kxh6 49. Rg8 f3+ 50. Kxf3 e4+ 51. dxe4 Ba3 52. f8Q+ Bxf8 53. Rxf8 Kg7 54. Ra8 Kf6 55. Rxa5 Ke6 56. Rd5 Kf6 57. a5 Ke6 58. a6 Kf6 59. a7 Ke7 60. a8Q Ke6 61. Qe8+ Kf6 62. Rf5+ Kg7 63. Rg5+ Kf6 64. Qe5+ Kf7 65. Rg7+ Kf8 66. Qe7# 1-0